000 00314nam a2200121 i 4500
001 bg
245 0 _aZagadnienia wpływu podziemnej eksploatacji górniczej na budowle: praca zbiorowa.
260 _aWarszawa,
_c1984.
040 _cBPK
041 _apol
942 _cKS
008 s pl f |000 0 pol
999 _c22769
_d22769
856 _uhttp://koha.tu.koszalin.pl/cgi-bin/koha/opac-detail.pl?biblionumber=22769
_yKatalog online BPK